| 000 | 00953nam a22002537a 4500 | ||
|---|---|---|---|
| 001 | 999 | ||
| 005 | 20250213153317.0 | ||
| 020 | _a9780439204231 | ||
| 040 |
_aFISKH _beng _cFISKH _dFISKH |
||
| 050 | _a813.54 | ||
| 082 | _aQE862.D5 | ||
| 100 | _aStamper, Judith Bauer | ||
| 245 |
_aDinosaur detectives / _cwritten by Judith Bauer Stamper ; illustrations by Ted Enik |
||
| 260 |
_aNew York : _bScholastic, _c2001. |
||
| 300 |
_a84 pages : _billustrations, _c20 cm. |
||
| 490 |
_3The magic school bus science : _achapter book, _vBook 9. |
||
| 505 | _aO | ||
| 520 | _aThe Magic School Bus takes Ms. Frizzle and her class on a trip to the Museum of Natural History. During the trip the class travels back to the Mesozoic Era and experiences a first hand Jurassic adventure! | ||
| 521 |
_a610 _bLexile |
||
| 521 |
_aO
_bRaz-Plus ' |
||
| 650 |
_aDinosaur _vfossils _xadventure |
||
| 650 |
_aDinosaur _vfossils _xadventure |
||
| 942 |
_2ddc _cBK _n0 |
||
| 999 |
_c999 _d999 |
||